000 00685cab a2200253 4500
001 ABS60574
008 090401t1999 xxu||||| |||| 00| 0 eng d
035 _a(Sirsi) u92828
041 _aeng
100 _aWatson, P.
245 _aProject management and the associated cultural issues of application
260 _c1999
350 _a0
490 _aBuilding Engineer
_v74 (3) April 1999, 20-21(2)
650 _aBUILT ENVIRONMENT
650 _aORGANISATIONAL CULTURE
650 _aPARTNERING
650 _aMANAGEMENT-PROJECT MANAGEMENT
650 _aPROJECT MANAGERS
690 _aProject management
_96261
700 _aWatts, N.
942 _n0
948 _c19/04/1999
999 _c58833
_d58833